| 000 | 00465nam a2200169Ia 4500 | ||
|---|---|---|---|
| 005 | 20250508160045.0 | ||
| 008 | 008 250505s9999 xx 000 0 eng d | ||
| 037 | _aTextual | ||
| 040 |
_aFEDL _beng _cFEDL |
||
| 041 |
_aeng _2eng |
||
| 084 |
_a378, STJ _qFEDL |
||
| 245 | 0 | _aSt. John's program : A report | |
| 260 |
_aAnnapolis _bUnited States Naval Institute _c1955 |
||
| 300 | _axvi,139p | ||
| 942 |
_cTEXL _h378, STJ |
||
| 999 |
_c1361447 _d1361447 |
||